Europa - Größte Städte - Statistiken

Allgemein
  • Dieses Quiz wurde 132 mal gespielt
    71 seit der letzten Aktualisierung
  • Das Durchschnittsergebnis liegt bei 49 aus 100
Antwortstatistiken
Hint Antwort % Korrekt
08.799.800 London
100%
03.669.491 Berlin
98%
13.274.285 Moskau
98%
02.165.423 Paris
98%
03.305.408 Madrid
96%
01.897.228 Hamburg
94%
15.901.951 Istanbul
94%
01.448.202 München
94%
02.846.510 Rom
93%
01.794.087 Warschau
93%
2.028.399 Wien
93%
01.636.732 Barcelona
89%
00.697.010 Oslo
89%
00.789.024 Stockholm
89%
00.655.780 Athen
87%
00.658.457 Helsinki
87%
01.087.863 Köln
87%
00.563.312 Lissabon
87%
01.381.080 Mailand
87%
00.794.023 Kopenhagen
83%
01.277.962 Prag
83%
05.652.922 Sankt Petersburg
83%
00.630.305 Stuttgart
83%
00.753.056 Frankfurt am Main
81%
00.520.000 Manchester
81%
00.872.757 Amsterdam
80%
01.750.026 Budapest
80%
00.544.107 Dublin
80%
00.877.095 Marseille
80%
02.797.553 Kiew
78%
00.587.010 Dortmund
76%
00.522.969 Lyon
76%
00.621.877 Düsseldorf
74%
00.812.635 Zagreb
74%
01.835.258 Bukarest
72%
01.242.568 Sofia
72%
00.960.231 Neapel
72%
00.515.543 Nürnberg
69%
00.567.559 Bremen
67%
00.556.549 Dresden
67%
00.593.145 Leipzig
67%
00.538.068 Hannover
63%
01.397.139 Belgrad
61%
01.144.900 Birmingham
61%
00.651.446 Rotterdam
61%
00.789.744 Valencia
59%
00.582.760 Essen
57%
2.071.000 Minsk
57%
00.591.882 Riga
57%
00.626.410 Glasgow
56%
00.684.234 Sevilla
54%
00.871.658 Turin
54%
00.779.167 Krakau
46%
00.503.707 Duisburg
43%
00.812.000 Leeds
41%
00.530.630 Antwerpen
39%
00.574.641 Genua
39%
00.579.281 Göteborg
39%
00.660.563 Palermo
39%
00.568.419 Den Haag
37%
00.542.366 Vilnius
37%
00.577.405 Málaga
35%
00.642.533 Breslau
33%
00.876.063 Donezk
31%
00.992.874 Odessa
26%
00.665.347 Lodz
24%
01.200.000 Charkiw
22%
01.329.825 Kasan
22%
00.720.000 Lwiw
22%
00.546.644 Chisinau
20%
00.530.175 Posen
20%
01.198.245 Nischnij Nowgorod
19%
00.509.900 Skopje
17%
01.143.123 Rostow am Don
15%
01.154.223 Samara
15%
01.166.098 Ufa
15%
01.012.219 Wolgograd
15%
01.027.518 Perm
13%
00.556.500 Sheffield
13%
00.931.000 Dnipro
11%
00.675.301 Saragossa
11%
01.154.885 Krasnodar
7%
01.041.722 Woronesch
7%
00.625.322 Machatschkala
6%
00.558.302 Sewastopol
6%
00.595.000 Krywyj Rih
4%
00.536.515 Orenburg
4%
00.886.165 Saratow
4%
00.530.311 Balaschicha
2%
00.546.400 Bradford
2%
00.501.193 Homel
2%
00.563.717 Jaroslawl
2%
00.519.315 Rjasan
2%
00.750.000 Saporoschje
2%
00.562.964 Stawropol
2%
00.612.516 Uljanowsk
2%
00.589.390 Aqtöbe
0%
00.616.297 Ischewsk
0%
00.548.221 Naberschnyje Tschelny
0%
00.662.683 Toljatti
0%
Keine übereinstimmenden Quizze gefunden
Verteilung der Resultate
Anzahl Personen mit jedem Resultat
Perzentil nach korrekt beantworteten Fragen
Ihre Resultats-Entwicklung
Sie haben dieses Quiz seit der letzten Aktualisierung nicht gespielt